000
00201nam a2200097Ia 4500
008
240331s9999 xx 000 0 und d
082
_b
JAY
100
_a
Jayawardena,C
245
0
_a
Wel palama
942
_c
L
999
_c
5349
_d
5349